000 00535nam a2200229Ia 4500
003 OSt
005 20221005121318.0
006 a|||||r|||| 00| 0
007 ta
008 221004b |||||||| |||| 00| 0 guj d
024 _a40641
037 _cTextual
040 _aCRL
_cCRL
_bguj
041 _2guj
_aguj
082 _aO156:gM, L3
245 0 _aGujrati sahitya
260 _c1973
300 _a384p.
_ccm.
650 _aGUJRATI LITERATURE
942 _hO156:gM, L3
_cTEXL
_2cc
999 _c1040723
_d1040723